000 00492nam a2200181Ia 4500
001 4321
005 20260306145747.0
008 260306t2019||||xx |||||||||||||| ||spa||
041 _aESP
082 _a306.810984
_bR71
100 _aRobins, Nicholas A.
_eAUT
245 0 _aDe amor y odio:
_bvida matrimonial, conflicto e intimidad en el sur andino colonial, 1750-1825
260 _c2019
300 _a286 páginas :
_c23 cm.
650 _aGEN
654 _aCED
942 _cLIB
_dJUS
_fJUS
_2ddc
_n
999 _c4321
_d4321